00602nam a2200169Ia 4500008004100000100001800041245012100059245001600180260003900196260000900235300001800244440005400262650002600316650002700342650001400369650004900383170419s9999 xx 000 0 und d aElaad, Eitan. aExtracting critical information from group members' partial knowledge using the searching concealed information test cEitan Elaad bAmerican Psychological Association c2016 aDecember 2016 aJournal of Experimental Psychology: Appliedv22:4 aCONCEALED INFORMATION aEXTRACTING INFORMATION aPOLYGRAPH aPSYCHOPHYSIOLOGICAL DETECTION OF INFORMATION